Najczęściej zgadywane państwa świata według kontynentu na JetPunk - Statystyki

Ogólne statystyki
  • Ten quiz został rozwiązany 43 razy
  • Średni wynik to 28 z 30
Statystyki odpowiedzi
% Odgadniętych Kontynent Państwo % Poprawnych
83% Ameryka Południowa Argentyna
100%
87% Australia i Oceania Australia
100%
88% Ameryka Południowa Brazylia
100%
77% Ameryka Południowa Chile
100%
92% Azja Chiny
100%
83% Afryka Egipt
100%
87% Azja Japonia
100%
91% Ameryka Północna Kanada
100%
87% Ameryka Północna Meksyk
100%
94% Europa Niemcy
100%
96% Europa Polska
100%
71% Afryka Republika Południowej Afryki
100%
95% Europa Rosja
100%
94% Ameryka Północna Stany Zjednoczone
100%
94% Europa Francja
98%
63% Ameryka Południowa Kolumbia
98%
62% Ameryka Południowa Urugwaj
98%
79% Azja Korea Północna / Korea Południowa
95%
66% Australia i Oceania Nowa Zelandia
95%
81% Azja Indie
93%
70% Ameryka Północna Kuba
93%
93% Europa Ukraina
93%
69% Afryka Maroko
90%
53% Ameryka Północna Dominika
88%
74% Afryka Madagaskar
83%
26% Australia i Oceania Fidżi
80%
67% Afryka Niger
80%
39% Australia i Oceania Papua Nowa-Gwinea
80%
85% Azja Turcja
80%
22% Australia i Oceania Mikronezja
73%
Nie znaleziono quizów pasujących do podanych kryteriów
Rozkład punktacji
Procent ludzi z każdym wynikiem
Percentyl według liczby udzielonych odpowiedzi
Twoja historia wyników
Nie rozwiązałeś tego quizu